Polscy raperzy po tytułach płyt - Statystyki

Ogólne statystyki
  • Ten quiz został rozwiązany 2 581 razy
  • Średni wynik to 29 z 50
Statystyki odpowiedzi
Hint Odpowiedź % Poprawnych
100 dni do matury Mata
100%
Internaziomal Żabson
92%
PRODUKT47 Oki
87%
Atypowy Szpaku
85%
Młody Książe White 2115
84%
Hulanki EP Young Leosia
82%
H8M5 Białas
81%
Aby śmierć miała znaczenie Bedoes
80%
Nowy Kolor Otsochodzi
79%
Eklektyka Quebonafide
78%
Toxic Young Multi
78%
Jarmark Taco Hemingway
77%
nauczyłem się przeklinać Chivas
76%
Posejdon Kizo
74%
PLEŚŃ Guzior
72%
Letnisko Kinny Zimmer
72%
Soma 0,5 mg TACONAFIDE
72%
Miejska Jungla EP Alberto
70%
Tijara Malik Montana
69%
Fake Love Smolasty
67%
Trappist Young Igi
67%
Uśmiech Jan-Rapowanie
63%
DAMN. Reto
63%
Ogrody Mixtape Kukon
62%
Hoodie Beteo
57%
Pokój zero Solar
57%
Kompot Paluch
55%
Orangutan, Vol. 07 Diho
53%
Akademia Sztuk Pięknych Avi
52%
Kryzys Wieku Wczesnego Kacperczyk
52%
Antihype Sarius
52%
Muzyka współczesna Pezet
50%
Albinos Kabe
49%
EXTRAVAGANZA Lanek
48%
Dzieci w samochodach Qry
47%
Chaos Fukaj
46%
SIARA KęKę
43%
FAMA Blacha
40%
Mutylator Słoń
40%
Kendo EP Janusz Walczuk
37%
NO FACE Miszel
36%
Kontrast Sobel
36%
Mixed Music Arts (MMA) Borixon
35%
ENERGIA WYGRYWANIA Rusina
33%
Aporofobia Sentino
33%
Czarno na białym Gibbs
32%
2.0 Chillwagon
31%
Królowie życia Gang Albanii
31%
WEBIDEMIC White Widow
31%
Gucci Trip Jacuś
24%
Nie znaleziono quizów pasujących do podanych kryteriów
Rozkład punktacji
Procent ludzi z każdym wynikiem
Percentyl według liczby udzielonych odpowiedzi
Twoja historia wyników
Nie rozwiązałeś tego quizu